000 00769nam a2200289Ia 4500
005 20260324114345.0
008 008 260324s9999 xx 000 0 eng d
020 _a9781003228967
037 _aEBOOK
040 _aCRL
040 _beng
040 _cCRL
041 _2eng
041 _aeng
084 _qCRL
100 _aKarolina Sobczak-Szelc; Marta Pachocka; Justyna Szałańska
_91150451
245 4 _aThe Integration of Refugees in the Education and Labour Markets
245 0 _bBetween Inclusion and Exclusion Practices
260 _bTaylor and Francis
260 _c2023
365 _a
365 _b230
856 _uhttp://www.taylorfrancis.com/books/9781003228967
942 _cEBOOK
999 _c1740591
_d1740591